Management Information System (Record no. 158968)

MARC details
000 -LEADER
fixed length control field 00340nam a2200133Ia 4500
008 - FIXED-LENGTH DATA ELEMENTS--GENERAL INFORMATION
fixed length control field 230519s9999 xx 000 0 und d
041 ## - LANGUAGE CODE
Language code of text/sound track or separate title eng
082 ## - DEWEY DECIMAL CLASSIFICATION NUMBER
Classification number PAT/DB0145
100 ## - MAIN ENTRY--PERSONAL NAME
Personal name Pathak N
9 (RLIN) 180264
245 ## - TITLE STATEMENT
Title Management Information System
260 ## - PUBLICATION, DISTRIBUTION, ETC. (IMPRINT)
Name of publisher, distributor, etc. Himalaya Publication
Place of publication, distribution, etc. Mumbai
Date of publication, distribution, etc. 2012
300 ## - PHYSICAL DESCRIPTION
Extent 151p
Holdings
Withdrawn status Lost status Damaged status Not for loan Home library Current library Date acquired Cost, normal purchase price Bill number Total Checkouts Full call number Barcode Date last seen Bill Date Koha item type Original Barcode
        Smt. Bakul Tambat Institute of Nursing Education Smt. Bakul Tambat Institute of Nursing Education 28/08/2013 100.00 307   PAT DB0145 BTIN-DB-145 19/05/2023 02/09/2013 Donated Book DB0145